EVERYTHING IS TEACHING US (Record no. 5152)
[ view plain ]
| 000 -LEADER | |
|---|---|
| fixed length control field | 00430nam a22001337a 4500 |
| 082 ## - DEWEY DECIMAL CLASSIFICATION NUMBER | |
| Classification number | 294.3 |
| Item number | CHA/E |
| 100 ## - MAIN ENTRY--AUTHOR NAME | |
| Personal name | CHAH, AJAHN |
| 245 ## - TITLE STATEMENT | |
| Title | EVERYTHING IS TEACHING US |
| 260 ## - PUBLICATION, DISTRIBUTION, ETC. (IMPRINT) | |
| Place of publication | AUSTRALIA |
| Name of publisher | THE SANGHA |
| 300 ## - PHYSICAL DESCRIPTION | |
| Number of Pages | 125 |
| 520 ## - SUMMARY, ETC. | |
| Summary, etc | THE TEACHINGS CONTINUE TO ILLUMINATE THE PATH TOWARDS UNSHEAKABLE PEACE AND LIBERATION AND MAKE A WORTHY GIFT TO ANYONE WISHING TO PURSUE THAT PATH |
| 650 ## - SUBJECT ADDED ENTRY--TOPICAL TERM | |
| Topical Term | RELIGIOUS |
| Geographic subdivision | AUSTRALIA |
| 942 ## - ADDED ENTRY ELEMENTS (KOHA) | |
| Koha item type | Books |
| Withdrawn status | Lost status | Collection code | Home library | Current library | Shelving location | Date acquired | Source of acquisition | Full call number | Accession Number | Koha item type |
|---|---|---|---|---|---|---|---|---|---|---|
| Non-fiction | Main Library | Main Library | SHELF 15 C-RELIGIOUS | 14/07/2016 | purchase | 294.3 CHA/E | 04330 | Books |